000 01762ncm0a22004091 4500
001 RU\NLR\ONIZ\218638
005 20250626062640.0
013 _a979-0-66004-307-3
035 _aRU\NLR\ONIZ\Таня\5000004514\20170606124905
035 _a(NLR Aleph) 011415130
071 2 0 _aс 4307 к
090 _a11580343
_c11580343
100 _a20170606d2006 |||y0rusy50 ca
101 0 _amul
_arus
_feng
_frus
102 _aRU
125 _adx
145 0 _aa
200 1 _aКлассическая и духовная музыка
_bНоты
_dClassical and ecclesiastic music
_zeng
_eдля дет. (жен.) хора [без сопровожд.]
_fред., сост., авт. перелож. Л. А. Жукова
208 _a[Хор. партитура]
210 _aСанкт-Петербург
_cКомпозитор-Санкт-Петербург
_d2006
215 _a30 с.
_d30 см
606 1 _aХоровая музыка a cappella
_yРоссия
_z20-21 вв.
_jНоты
_2nlr_sh
606 1 _aХоровая музыка для детского хора без сопровождения
_jНоты
_2nlr_sh
606 1 _aХоровая музыка для женского хора и фп.
_yРоссия
_z20-21 вв.
_jНоты
_2nlr_sh
686 _aЩ941.2-0-043.3я43
_vLBC/SL
_2rubbk
686 _aЩ941.8-0я43
_vLBC/SL
_2rubbk
686 _aЩ99я43
_vLBC/SL
_2rubbk
700 1 _9z02790
_aЖукова
_bЛ. А.
_gЛюдмила Адамовна
_4220
_7ca
790 1 _9z02700
_aZhukova
_bL. A.
_gLyudmila Adamovna
_4220
_7ba
801 0 _aRU
_bNLR
_c20170606
_gPSBO
801 1 _aRU
_bNLR
_c20170606
_2rusmarc
801 2 _aRU
_bNLR
_c20180829
852 _aNLR
_bМ
_jК-3/28442
_p259170
_t1
942 _cSCORE
980 _aNB
980 _aONIZ